Statistics for Lord of the Rings last names.

Click here to take the quiz!

General Stats

  • This quiz has been taken 69 times
    (61 since last reset)
  • The average score is 8 of 12

Answer Stats

HintAnswer% Correct
FrodoBaggins
100%
BilboBaggins
100%
LobeilaSackville-Baggins
100%
SamGamgee
92%
PippinTook
90%
LegolasGreenleaf
85%
MerryBrandybuck
74%
ArwenUndomiel
56%
FredegarBolger
49%
WillWhitfoot
23%
TheodenEdnew
18%
EomerEadig
10%

Score Distribution

Percentile by Number Answered

Percent of People with Each Score

Your Score History

You have not taken this quiz since the last reset